000 00930cam a2200133 4500500
005 20251228142316.0
041 _afre
042 _adc
100 1 0 _aFellahian, Corinne
_eauthor
245 0 0 _aLa psychose selon Lacan : Evolution d'un concept
260 _bL'Harmattan,
_c2005.
520 _aL'oeuvre de Lacan, aussi essentielle en psychanalyse qu'impénétrable aux non-initiés, se déploie sur un demi-siècle et la théorisation de la psychose y occupe une place centrale. Quel est l'apport de Lacan en la matière et quelle en est la fécondité tant pratique que théorique ? C'est à ces questions que cet ouvrage clair et précis apporte une réponse, en proposant une lecture diachronique (de 1931 à 1976) et critique des principales contributions de Lacan à la conceptualisation de la psychose.
856 4 1 _uhttps://shs.cairn.info/La-psychose-selon-Lacan--9782747590884?lang=fr&redirect-ssocas=7080
999 _c1608242
_d1608242